000 00610nam a2200193Ia 4500
005 20260114185709.0
008 008 260114s9999 xx 000 0 eng d
020 _a9780755623815
037 _aEBOOK
040 _aCRL
_beng
_cCRL
041 _aeng
_2eng
084 _qCRL
100 _aMark Levene
_9873276
245 0 _aGenocide in the Age of the Nation State Volume 2: The Rise of the West and the Coming of Genocide
260 _bBloomsbury
_c2005
856 _uhttps://doi.org/10.5040/9780755623815?locatt=label:secondary_bloomsburyCollections
942 _cEBOOK
999 _c1472224
_d1472224